02036cam a22003135a 4500001001000000003000400010005001700014008004100031020002500072040003600097082002300133100003000156245010000186250001200286260006000298300003300358500002400391504004100415520081700456650003901273651001001312653002001322700002001342700002701362942000801389999001701397952015401414952015401568016872742OSt20160329105222.0140915t2015 stka frb 001 0 eng d a9780729541534 (pbk.) aStDuBDSbengcStDuBDSdEG-ScBUE04a610.73068bDAL2221 aDaly, John,d1958-93970510aLeadership and nursing :bcontemporary perspectives /cJohn Daly, Sandra Speedy, Debra Jackson. a2nd ed. aChatswood :bChurchill Livingstonr / Elsevier,cc.2015. axv, 276 p. :bill. ;c24 cm. aIndex : p. 263-276. aIncludes bibliographical references. aLeadership is fundamental to the nature of nursing to ensure the development of safe practice, interdisciplinary relationships, education, research and ultimately, the delivery of quality healthcare. Leadership and Nursing: Contemporary Perspectives 2e presents a global perspective of leadership issues within the Australian context. It builds on the premise that nursing leadership is for all nurses - not just those who are authorised to hold a position within an organisation. In addition, this book explores how leadership is not possible until one has an understanding of self and what motivates others. The text is aimed at senior undergraduate and postgraduate nursing students making the transition to practice as well as professional nurses seeking to strengthen their clinical practice and governance. 7aNursingxManagement.2BUEsh939706 2BUEsh bNNURcMarch20161 aSpeedy, Sandra,1 aJackson, Debra,d1959- 2ddc c21537d21509 00102ddc40708AlahramaMAINbMAINc1STd2016-03-29ePurchaseg795.00l7m18o610.73068 DALp000032207r2025-07-15 00:00:00s2019-10-30v993.75yBB 00102ddc40708AlahramaMAINbMAINc1STd2016-03-29ePurchaseg795.00l6m26o610.73068 DALp000032208r2025-07-15 00:00:00s2020-11-23v993.75yBB